Normal view MARC view
  • Pitta, Robert , Mccouaig, Simon

Entry Personal Name

Number of records used in: 1

001 - CONTROL NUMBER

  • control field: 67215

003 - CONTROL NUMBER IDENTIFIER

  • control field: NUST

005 - DATE AND TIME OF LATEST TRANSACTION

  • control field: 20210628203752.0

008 - FIXED-LENGTH DATA ELEMENTS

  • fixed length control field: 210628|| aca||aabn | a|a d

040 ## - CATALOGING SOURCE

  • Original cataloging agency: NUST
  • Transcribing agency: NUST

100 ## - HEADING--PERSONAL NAME

  • Personal name: Pitta, Robert , Mccouaig, Simon

670 ## - SOURCE DATA FOUND

  • Source citation: Work cat.: (NUST): Pitta, Robert , Mccouaig, Simon, United nations(un)forces , 1948-94, 1994
© 2023 Central Library, National University of Sciences and Technology. All Rights Reserved.